000
00347nam a22001577a 4500
003
MPLRDC
005
20220104123359.0
008
210129b ||||| |||| 00| 0 eng d
082
_a
937 NS
100
_a
倪南山编绘
245
_a
黑板画资料
_c
260
_a
_b
南山出版社
_c
300
_b
平
650
_a
942
_c
BK
_o
937 NS
999
_c
10964
_d
10954